00591nam a2200169 a 450000100100000000500170001000800410002704000250006808200150009310000380010824500760014626000330022230000270025504900090028295201130029199900170040400002518620200930023620.0110211s1982 dr a 000 0 spa d aDO-SdBNPbspacBNPHU axxxbM358b1 aMarranzini Aristy, Féliz95166610aBuena alimentación..... salud para todos /cFéliz Marranini Aristy. aSanto DomingofValdezc1982. a19 p. :bil. ;c22 cm. aBNPD 0010718PDaPDbPDcCTd2011-02-11iLF1l0oxxx M358bp25186-10r2020-06-25w2020-06-25yLFPDZNo se presta c24679d24679